Responsabilidad social corporativa De la nocin̤ a la gestin̤ /

Detalles Bibliográficos
Autor principal: de Rovira Douzans, Juan-Roberto
Formato: eBook
Lenguaje:español
Publicado: Barcelona: UOC, 2019
Materias:
Acceso en línea:Acceso restringido

MARC

LEADER 00000nam a22000007a 4500
005 20190613130116.0
007 cr|||| ||||
008 190613s2019 es |||||s|||| 00||0 spa d
020 |a 978-84-9180-410-9 
035 |a 23743 
040 |a vLex 
090 |c 8882  |d 8882 
100 1 |a de Rovira Douzans, Juan-Roberto 
245 1 0 |a Responsabilidad social corporativa  |h [Recurso electrn̤ico] :  |b De la nocin̤ a la gestin̤ /  |c Juan-Roberto de Rovira Douzans 
256 |a Servicio en ln̕ea 
260 |a Barcelona:  |b UOC,  |c 2019 
300 |a 1 recurso electrn̤ico 
506 1 |a Disponible solo en los productos indicados  |d vLex Global  |d vLex Global (Academic Edition, excluding Law Schools)  |d vLex Global (U.S. Academic Edition, Law Schools)  |d vLex Global (U.S. Academic Edition, excluding Law Schools)  |d vLex Global (Academic Edition, Law Schools) 
650 0 4 |a Derecho Mercantil y de la Empresa  |z Espaą 
740 0 |a vLex Libros (Servicio en ln̕ea) 
856 4 0 |u http://vlex.com/source/responsabilidad-social-corporativa-nocion-gestion-23743  |z Acceso restringido 
942 |c BOOK 
999 0 |a Commercial and Company Law